01646naa a2200181 a 450000100080000000500110000800800410001910000190006024500950007926000090017452011250018365300100130865300130131865300150133170000210134670000170136777300800138410160182017-08-08 1995 bl uuuu u00u1 u #d1 aHILLESHEIM, A. aUnidade de producao de leite da estacao experimental de Itajai- catorze anos de atividade. c1995 aUma Unidade de Produ????o de Leite-UPL foi implantada junto ?? Esta????o Experimental de Itaja??-EEI em 1979/80, com base em algumas caracter??sticas dos produtores da regi??o do Vale do Itaja?? e Litoral Norte Catarinense. Em fun????o dessas caracter??sticas, a ??rea da unidade era de 12ha, com um rebanho inicial de doze vacas e com a m??o-de-obra a cargo de um casal de produtores. Um dos objetivos desta unidade era testar tecnologias que s??o recomendadas aos produtores a fim de avali??-las quanto ?? capacidade de contribuir para evolu????o da produtividade da atividade leiteira da regi??o. Os catorze anos de atividade podem ser divididos em quatro per??odos caracter??sticos, sendo o per??odo 1, 1981-84; per??odo 2, 1985-87; per??odo 3, 1988-91; e per??odo 4, 1992-94. Pode-se afirmar que esta unidade de produ????o duplicou a sua efici??ncia produtiva, fato que poderia passar despercebido se n??o se dispusesse dos registros em m??os para an??lise. Da?? se ressalta a fundamental necessidade de se manter pelo menos alguns registros que sirvam para avaliar a atividade produtiva na qual se est?? envolvido. aLeite aProducao aTecnologia1 aCORDEIRO, J.L.F.1 aAGOSTINI, i. tAgropecuaria Catarinense, Florianopolisgv.8, n.4, p.58-61, mar./maio 1995.